La defensa de los usuarios de servicios públicos esenciales en el ámbito judicial (Registro nro. 32464)

Detalles MARC
000 -LEADER
fixed length control field 00415 a2200121 4500
001 - CONTROL NUMBER
control field ART_49534
005 - DATE AND TIME OF LATEST TRANSACTION
control field 20260410162014.0
008 - FIXED-LENGTH DATA ELEMENTS--GENERAL INFORMATION
fixed length control field 260409a
100 1# - MAIN ENTRY--PERSONAL NAME
Personal name Mielnicki, Diego
245 10 - TITLE STATEMENT
Title La defensa de los usuarios de servicios públicos esenciales en el ámbito judicial
700 1# - ADDED ENTRY--PERSONAL NAME
Personal name Roitman, Facundo J.
773 0# - HOST ITEM ENTRY
Title Temas de derecho administrativo
Related parts - Año 4, N° 9 (sep. 2019)
Record control number REV40468

No hay ítems disponibles.